[Event "Biella Vercelli Province-ch"]
[Site "Biella"]
[Date "2014.03.15"]
[Round "2"]
[White "Zannoni, Gianni"]
[Black "Negro, Andrea"]
[Result "1-0"]
[WhiteElo "1755"]
[BlackElo "1362"]
[PlyCount "107"]
[EventDate "2014.03.14"]
[EventType "swiss"]
[EventRounds "5"]
[EventCountry "ITA"]
[SourceTitle "EXT 2015"]
[Source "ChessBase"]
[SourceDate "2014.11.20"]
[SourceVersion "1"]
[SourceVersionDate "2014.11.20"]
[SourceQuality "1"]

1. d4 Nf6 2. c4 e6 3. Nf3 b6 4. g3 Bb7 5. Bg2 Be7 6. 0-0 0-0 7. Nc3 d5 8. cxd5 Nxd5 9. Re1 Nc6 10. e4 Nf6 11. a3 Qd7 12. Be3 Rad8 13. Qc2 Ng4 14. Rad1 Qc8 15. Bf4 Rd7 16. d5 exd5 17. Nxd5 Bc5 18. Re2 Rfd8 19. h3 Nf6 20. Nxf6+ gxf6 21. Red2 Rxd2 22. Rxd2 Nd4 23. Nxd4 Rxd4 24. Rxd4 Bxd4 25. Qxc7 Qxc7 26. Bxc7 Bxb2 27. Bd6 Bc6 28. Kf1 Bc3 29. Ke2 f5 30. Ke3 fxe4 31. Bxe4 Bxe4 32. Kxe4 Be1 33. f3 b5 34. Kd5 a5 35. Kc5 b4 36. Kc4 bxa3 37. g4 Bb4 38. Be5 h6 39. h4 Kh7 40. h5 Kg8 41. f4 Kf8 42. Kb3 Ke7 43. Bg7 Ke6 44. Bxh6 f6 45. g5 a4+ 46. Kc2 a2 47. Kb2 Bd2 48. g6 Ke7 49. Kxa2 f5 50. Ka3 Kf6 51. Kxa4 Bxf4 52. Bxf4 Kg7 53. Kb5 Kg8 54. Kc5 1-0

[Event "Biella Vercelli Province-ch"]
[Site "Santhia"]
[Date "2013.03.08"]
[Round "1"]
[White "Negro, Andrea"]
[Black "Borghi, Dario"]
[Result "0-1"]
[WhiteElo "1332"]
[BlackElo "1747"]
[PlyCount "101"]
[EventDate "2013.03.08"]
[EventType "swiss"]
[EventRounds "5"]
[EventCountry "ITA"]
[SourceTitle "EXT 2014"]
[Source "ChessBase"]
[SourceDate "2013.11.20"]
[SourceVersion "1"]
[SourceVersionDate "2013.11.20"]
[SourceQuality "1"]

1. e4 e5 2. Nf3 Nc6 3. Nc3 Nf6 4. d4 exd4 5. Nxd4 Bb4 6. Bd2 Nxd4 7. Bd3 d6 8. 0-0 0-0 9. a3 Bxc3 10. Bxc3 Nc6 11. Re1 Ne5 12. Be2 Nxe4 13. Bd2 Nxd2 14. Qxd2 Be6 15. Rad1 Rb8 16. b3 Qf6 17. Qa5 Rfc8 18. Qxa7 b6 19. Qa4 Ra8 20. Qb4 Nc6 21. Qb5 Nd4 22. Qd3 Nxe2+ 23. Rxe2 Rxa3 24. Red2 Rca8 25. h3 Ra1 26. Kh2 Rxd1 27. Rxd1 Qxf2 28. Qb5 Qf4+ 29. Kh1 Qe4 30. Kh2 Qe5+ 31. Qxe5 dxe5 32. Kh1 g6 33. Re1 f6 34. c4 Rd8 35. Kh2 Rd3 36. Rb1 Bf5 37. Rb2 Rc3 38. Kh1 Bc2 39. b4 Rxc4 40. Kh2 e4 41. Kg3 Bd3 42. Kf2 Rc2+ 43. Rxc2 Bxc2 44. Ke3 Bd3 45. g3 f5 46. g4 Kg7 47. Kf4 Kf6 48. gxf5 gxf5 49. h4 h5 50. Ke3 Ke5 51. Kf2 0-1